000 00276nam a2200109Ia 4500
008 190907s9999||||xx |||||||||||||| ||und||
100 _aBarry Gerber
245 0 _aMastering Microsoft Exchange 2000 Server
260 _aIndia
_bMicrosoft Press
_c2001
300 _a948
942 _cBK
999 _c6284
_d6284